<?xml version="1.0" encoding="UTF-8"?>
<marc:record xmlns:marc="http://www.loc.gov/MARC21/slim">
   <marc:leader>00000nam a2200000 a 4500</marc:leader>
   <marc:datafield ind1="1" ind2=" " tag="100">
      <marc:subfield code="a">Grieser, Dietmar</marc:subfield>
      <marc:subfield code="4">aut</marc:subfield>
      <marc:subfield code="e">Verfasser/-in</marc:subfield>
   </marc:datafield>
   <marc:datafield ind1="0" ind2="0" tag="245">
      <marc:subfield code="a">Es muss was Wunderbares sein ...</marc:subfield>
   </marc:datafield>
   <marc:datafield ind1="0" ind2="0" tag="245">
      <marc:subfield code="b">Das Salzkammergut und seine Künstler</marc:subfield>
   </marc:datafield>
   <marc:datafield ind1="0" ind2="0" tag="245">
      <marc:subfield code="c">Dietmar Grieser</marc:subfield>
   </marc:datafield>
   <marc:datafield ind1=" " ind2="1" tag="264">
      <marc:subfield code="a">Wien</marc:subfield>
      <marc:subfield code="b">Amalthea</marc:subfield>
      <marc:subfield code="c">2023</marc:subfield>
   </marc:datafield>
   <marc:datafield ind1="1" ind2=" " tag="520">
      <marc:subfield code="a">IM REICH DER MUSEN Das Land zwischen Ischl und Hallstatt, zwischen Gmunden und Aussee breitet seit jeher seine unermesslichen Schätze vor der Welt aus: Wie keine andere Region vereint das Salzkammergut ländliches Ambiente und urbanes Lebensgefühl. Dietmar Grieser ist jenen Spuren gefolgt, die Größen wie Gustav Mahler, Adalbert Stifter oder Thomas Bernhard hinterlassen haben. Sein Resümee: In anderen Teilen Österreichs hat man Urlaub, hier wurde Geschichte gemacht. Unter den Händen begnadeter Maler, Dichter, Musiker, Architekten und Gelehrter entstand eine Seelenlandschaft, die Klimt zu seinem »Kuss«, Ralph Benatzky zum »Weißen Rössl« oder Felix Salten zu seinem Welterfolg »Bambi« inspirierte. Auch Maria Jeritza, Theodor Billroth, Mathilde Wesendonck, Viktor Kaplan, Maria Cebotari und Carl Zuckmayer kann man hier begegnen &#x96; auf diesem für Jakob Wassermann »anderen Planeten«, der bis heute nichts von seinem Zauber verloren hat.</marc:subfield>
   </marc:datafield>
   <marc:datafield ind1=" " ind2=" " tag="020">
      <marc:subfield code="a">9783990502570</marc:subfield>
      <marc:subfield code="9">9783990502570</marc:subfield>
   </marc:datafield>
   <marc:datafield ind1=" " ind2=" " tag="020">
      <marc:subfield code="a">3990502573</marc:subfield>
      <marc:subfield code="9">3990502573</marc:subfield>
   </marc:datafield>
   <marc:datafield ind1=" " ind2=" " tag="300">
      <marc:subfield code="a">240 S.: 34 Abb.</marc:subfield>
   </marc:datafield>
</marc:record>
